000 00281nam a2200121Ia 4500
008 191201s2012 xx 000 0 und d
100 _aTANEJA, Satish
245 0 _aEntrepreneur Development
260 _aN. Delhi
_bGalgotia
_c2012
300 _a486
650 _aMBA
942 _2ddc
_cBK
999 _c154
_d154